Normal view MARC view
  • Janssen, Ruud

Entry Personal Name

Number of records used in: 1

001 - CONTROL NUMBER

  • control field: 96336

003 - CONTROL NUMBER IDENTIFIER

  • control field: NUST

005 - DATE AND TIME OF LATEST TRANSACTION

  • control field: 20220802171923.0

008 - FIXED-LENGTH DATA ELEMENTS

  • fixed length control field: 220802|| aca||aabn | a|a d

040 ## - CATALOGING SOURCE

  • Original cataloging agency: NUST
  • Transcribing agency: NUST

100 ## - HEADING--PERSONAL NAME

  • Personal name: Janssen, Ruud

670 ## - SOURCE DATA FOUND

  • Source citation: Work cat.: (NUST)175606: Janssen, Ruud., Computational image quality /, 2001.
© 2023 Central Library, National University of Sciences and Technology. All Rights Reserved.